Parlante : (Record no. 22092)
[ view plain ]
| 000 -CABECERA | |
|---|---|
| fixed length control field | 01803nam a22003137a 4500 |
| 003 - IDENTIFICADOR DEL NÚMERO DE CONTROL | |
| control field | AR-CdUCM |
| 008 - DATOS DE LONGITUD FIJA--INFORMACIÓN GENERAL | |
| fixed length control field | 190425b ||||| |||| 00| 0 spa d |
| 040 ## - FUENTE DE LA CATALOGACIÓN | |
| Agencia/entidad que catalogó originalmente la obra | MUNICIPALIDAD PROVINCIAL DEL CUSCO |
| Entidad que transcribió la catalogación | BIBLIOTECA MUNICIPAL DEL CUSCO |
| 082 ## - NÚMERO DE LA CLASIFICACIÓN DECIMAL DEWEY | |
| No. de Clasificación | Parlante/N°96/2008 |
| 110 ## - ENTRADA PRINCIPAL--NOMBRE DE ENTIDAD CORPORATIVA | |
| Nombre de la institución, jurisdicción como entrada principal | Centro Guamán Poma de Ayala |
| 9 (RLIN) | 20511 |
| 245 ## - MENCIÓN DE TÍTULO | |
| Título | Parlante : |
| Resto del título | Revista del Cusco / |
| 260 ## - PUBLICACIÓN, DISTRIBUCIÓN, ETC. | |
| Lugar de publicación, distribución, etc. | Cusco : |
| Nombre de la editorial, distribuidor, etc. | Centro de Educación y Comunicación Guamán Poma de Ayala, |
| Fecha de publicación, distribución, etc. | 2008. |
| 300 ## - DESCRIPCIÓN FÍSICA | |
| Nº de Páginas Extensión | 32 páginas. : |
| Otros detalles físicos | ilustraciones ; |
| Dimensiones | 30 cm. |
| 440 ## - MENCIÓN DE SERIE/PUNTO DE ACCESO ADICIONAL--TÍTULO | |
| Título | Parlante revista del Cusco. |
| Número de la parte/sección de una obra | Año 23, N°96, junio-julio 2008. |
| 9 (RLIN) | 47427 |
| 505 ## - NOTA DE CONTENIDO CON FORMATO | |
| Nota de contenido formateada | Contenido: Daniel Estrada, pensamiento vivo a propósito de la utopía descentralista. Alberto García Campana. -- Los obispos de américa latina y la cumbre con la Unión Europea. -- Plazas que respiran luz. Adriana Peralta. -- El agua en la cosmovisión andina, el pastor que encontró agua para su comunidad. Ricardo Valderrama Fernández. -- El Regional, un hospital sin emergencias. Juan Galiano Román. -- La insoportable levedad del frio. Omar Paredes. -- Luces y sombras de los juegos trasandinos. Juan Galiano Román. -- Justicia para Marcelino Valencia y Zacarias Pasca. Adriana Peralta. -- Cuando se criminaliza la protesta social se le quita la voz al pueblo. |
| 650 ## - PUNTO DE ACCESO ADICIONAL DE MATERIA--TÉRMINO DE MATERIA | |
| Descriptor | Actualidad y política |
| 9 (RLIN) | 47410 |
| 650 ## - PUNTO DE ACCESO ADICIONAL DE MATERIA--TÉRMINO DE MATERIA | |
| Descriptor | Centro Histórico Cusco |
| 9 (RLIN) | 46767 |
| 650 ## - PUNTO DE ACCESO ADICIONAL DE MATERIA--TÉRMINO DE MATERIA | |
| Descriptor | Educación, cultura y deportes |
| 9 (RLIN) | 47422 |
| 650 ## - PUNTO DE ACCESO ADICIONAL DE MATERIA--TÉRMINO DE MATERIA | |
| Descriptor | Medio ambiente |
| 9 (RLIN) | 47423 |
| 650 ## - PUNTO DE ACCESO ADICIONAL DE MATERIA--TÉRMINO DE MATERIA | |
| Descriptor | Salud |
| 9 (RLIN) | 8684 |
| 700 ## - PUNTO DE ACCESO ADICIONAL--NOMBRE DE PERSONA | |
| Nombre Personal | Peralta, Adriana |
| 9 (RLIN) | 47414 |
| 710 ## - PUNTO DE ACCESO ADICIONAL--NOMBRE DE ENTIDAD CORPORATIVA | |
| Nombre corporativo (En letras Mayúsculas) | García Campana, Alberto |
| 9 (RLIN) | 47428 |
| 710 ## - PUNTO DE ACCESO ADICIONAL--NOMBRE DE ENTIDAD CORPORATIVA | |
| Nombre corporativo (En letras Mayúsculas) | Valderrama Fernández, Ricardo |
| 9 (RLIN) | 47429 |
| 710 ## - PUNTO DE ACCESO ADICIONAL--NOMBRE DE ENTIDAD CORPORATIVA | |
| Nombre corporativo (En letras Mayúsculas) | Paredes, Omar |
| 9 (RLIN) | 47430 |
| 710 ## - PUNTO DE ACCESO ADICIONAL--NOMBRE DE ENTIDAD CORPORATIVA | |
| Nombre corporativo (En letras Mayúsculas) | Galiano Román, Juan |
| 9 (RLIN) | 47431 |
| 710 ## - PUNTO DE ACCESO ADICIONAL--NOMBRE DE ENTIDAD CORPORATIVA | |
| Nombre corporativo (En letras Mayúsculas) | Centro Guamán Poma de Ayala |
| 9 (RLIN) | 20511 |
| 942 ## - ELEMENTOS DE PUNTO DE ACCESO ADICIONAL (KOHA) | |
| Fuente de clasificación | |
| Tipo de item | Revistas cusqueñas |
| 945 ## - PROCESAMIENTO DE INFORMACIÓN LOCAL (OCLC) | |
| Catalogador | vhl |
No items available.